| 000 | 01358nam a2200337 c 4500 | ||
|---|---|---|---|
| 003 | BLK | ||
| 005 | 20180420222641.0 | ||
| 008 | 180408b bul|||||r ||||||| ||bul|| | ||
| 010 | _aKNG00061070000 | ||
| 040 | _aBLK | ||
| 041 |
_aBUL _cBUL |
||
| 080 |
_aВъзпитание. Образование. Просвета. Организация на свободното време. Вж и 003;021. 3;159. 9;612;613;727 _b37 _x(497.2) _z37(497.2) |
||
| 100 | 1 |
_aМавров, Георги Петков _eпърви автор _9287322 |
|
| 139 |
_aМавров, Георги Петков _bМ 12 |
||
| 245 | 1 | 0 |
_aПроблеми на стратегията на образованието _bИзследване _cГеорги Петков Мавров. |
| 257 | _aBGR | ||
| 260 |
_аСофия _bНар. просв. _c1986 |
||
| 300 |
_a192 с. _c21 см |
||
| 380 | _a3 | ||
| 500 | _aБиблиогр. под линия. | ||
| 650 | 4 |
_aОбразование и просвета - България _9262383 |
|
| 650 | 4 |
_aСредни училища - България _9262564 |
|
| 650 | 4 |
_aУчебно-възпитателна работа _9246003 |
|
| 651 | 4 |
_aБългария _9241624 |
|
| 653 | _aобразование | ||
| 852 | _aЦб 141967 | ||
| 856 | 4 |
_qpdf _u |
|
| 856 | 4 |
_qpdf _u |
|
| 942 |
_cKNG _n0 |
||
| 944 |
_aCR _c13.06.2004 _kВиолета_Тройчева |
||
| 944 |
_aED _c18.02.2011 _k |
||
| 999 |
_c57081 _d57081 |
||